Quick Pick: Television U Shows Quiz Stats

 Plays Quiz not verified by Sporcle

Challenge
Share
Tweet
Embed
Score 0/7 Timer 00:30
0 Plays Today
% Correct
Ugly Betty
98.1%
Undercover Boss
96%
Under the Dome
90.9%
United States of Tara
89.5%
The Unit
80.9%
Utopia
80.2%
Unfabulous
48.6%

You're not logged in!

Compare scores with friends on all Sporcle quizzes.
OR
Log In

You Might Also Like...

Show Comments

Extras

Top Quizzes Today


Score Distribution

Your Account Isn't Verified!

In order to create a playlist on Sporcle, you need to verify the email address you used during registration. Go to your Sporcle Settings to finish the process.

Report this User

Report this user for behavior that violates our Community Guidelines.

Details: